| 000 | 01550nam0a22003851 4500 | ||
|---|---|---|---|
| 001 | rc\2285935 | ||
| 005 | 20110826154808.4 | ||
| 035 | _a(NLR Aleph) 006531193 | ||
| 090 |
_a6535418 _c6535418 |
||
| 100 | _a20110826d1979 |||y0rusy50 ca | ||
| 101 | 0 | _arus | |
| 102 | _aRU | ||
| 105 | _aa z ||||| | ||
| 200 | 1 |
_aУправление машиностроительным предприятием _f[И.Э. Берзинь, М.К. Захарова, В.П. Калинин и др.] _gПод ред. С.Е. Каменицера и др. |
|
| 210 |
_aМосква _cМашиностроение _d1979 |
||
| 215 |
_a325 с. _cил. _d29 |
||
| 225 | 1 | _aИнженерно-экономическая монография | |
| 300 | _aАвт. указаны на обороте тит. л. | ||
| 300 | _aРедкол. сер.: И.М. Разумов (пред.) и др. | ||
| 320 | _aБиблиогр.: с. 318-322 | ||
| 606 |
_aМашиностроительные заводы _xУправление _2psbo |
||
| 686 |
_a338:6П5 _2rubbk |
||
| 686 |
_a65.9(2)304.15-2 _2rubbk |
||
| 686 |
_aУ9(2)305.851.1-21,0 _2rubbk |
||
| 701 | 1 |
_aЗахарова _bМ. К. |
|
| 701 | 1 |
_aКалинин _bВ. П. |
|
| 701 | 1 |
_aБерзинь _bИ. Э. _gИгорь Эдгардович |
|
| 702 | 1 |
_aКаменицер _bС. Е. _gСоломон Ефремович _4340 |
|
| 801 | 0 |
_aRU _bNLR _gpsbo |
|
| 801 | 1 |
_aRU _bELAR _2rusmarc |
|
| 852 |
_aNLR _j79-5/2920 |
||
| 899 |
_aRuMoRGB _jБ 79-12/279 |
||
| 899 |
_aRuMoRGB _jБ 79-12/280 |
||
| 942 | _cBOOK | ||
| 980 | _aNB | ||